000 01287nam a2200349Ia 4500
001 ebr10135497
003 CaPaEBR
006 m u
007 cr cn|||||||||
008 050202s2005 nyua sb 001 0 eng d
010 _z 2005043100
020 _z1403979588
020 _z1403963746
020 _z1403963479 (pbk.)
040 _aCaPaEBR
_cCaPaEBR
035 _a(OCoLC)560179365
050 1 4 _aD16.14
_b.R46 2005eb
082 0 4 _a792.02/2
_222
245 0 0 _aRemembering
_h[electronic resource] :
_boral history performance /
_cedited by Della Pollock.
260 _aNew York :
_bPalgrave Macmillan,
_c2005.
300 _axii, 205 p. :
_bill.
490 1 _aPalgrave studies in oral history
504 _aIncludes bibliographical references and index.
533 _aElectronic reproduction.
_bPalo Alto, Calif. :
_cebrary,
_d2009.
_nAvailable via World Wide Web.
_nAccess may be limited to ebrary affiliated libraries.
650 0 _aOral history.
650 0 _aPerforming arts.
655 7 _aElectronic books.
_2local
700 1 _aPollock, Della.
710 2 _aebrary, Inc.
830 0 _aPalgrave studies in oral history.
856 4 0 _uhttp://site.ebrary.com/lib/rucke/Doc?id=10135497
_zAn electronic book accessible through the World Wide Web; click to view
999 _c187875
_d187875